|
|
|
|
| LEADER |
01240ppm a22002538a 4500 |
| 001 |
00045916 |
| 005 |
20201104081154.0 |
| 008 |
170628s2017 ||||||viesd |
| 041 |
0 |
# |
|a vie
|
| 082 |
1 |
4 |
|b QU105L
|a 373.12
|
| 100 |
1 |
# |
|a Phạm, Nguyễn Cẩm Tú
|
| 245 |
0 |
0 |
|b Luận văn thạc sĩ khoa học giáo dục. Chuyên ngành: Quản lý giáo dục. Mã số: 8.14.01.14
|c Phạm Nguyễn Cẩm Tú ; Phan Trọng Nam (hướng dẫn)
|a Quản lý hoạt động trải nghiệm của các trường Trung học cơ sở thành phố Cao Lãnh, tỉnh Đồng Tháp
|
| 260 |
# |
# |
|a Đồng Tháp
|b Đại học Đồng Tháp
|c 2020
|
| 300 |
# |
# |
|e 1 bản tóm tắt
|a vii,107 tr. +phụ lục
|c 30 cm
|
| 500 |
# |
# |
|a ĐTTS ghi: Bộ giáo dục và đào tạo. Trường Đại học Đồng Tháp
|
| 653 |
# |
# |
|a Luận văn
|
| 653 |
# |
# |
|a Đồng Tháp
|
| 653 |
# |
# |
|a Trải nghiệm
|
| 653 |
# |
# |
|a Quản lý giáo dục
|
| 653 |
# |
# |
|a Trung học cơ sở
|
| 700 |
1 |
# |
|a Phan, Trọng Nam
|e Hướng dẫn
|
| 852 |
# |
# |
|j LV.0002678
|j LV.0002677
|
| 910 |
# |
# |
|d 02/11/2020
|
| 980 |
# |
# |
|a Trung tâm Học liệu Lê Vũ Hùng, Trường Đại học Đồng Tháp
|